Central Library OPAC University of Rajshahi

Inventory : (Record no. 21139)

MARC details
000 -LEADER
fixed length control field 00749nam a22002532i 4500
001 - CONTROL NUMBER
control field 21139
003 - CONTROL NUMBER IDENTIFIER
rucl marc code BD-RjUL
005 - DATE AND TIME OF LATEST TRANSACTION
control field 20211209000643.0
008 - FIXED-LENGTH DATA ELEMENTS--GENERAL INFORMATION
fixed length control field 140303t19701968enk 000 0 eng d
020 ## - INTERNATIONAL STANDARD BOOK NUMBER
International Standard Book Number 0224618296
035 ## - SYSTEM CONTROL NUMBER
System control number (BD-RjUL)21203
-- OCLC ocm03264619 from D950408M
040 ## - CATALOGING SOURCE
Original cataloging agency ISU
Transcribing agency ISU
Modifying agency BD-RjUL
Language of cataloging eng
041 1# - LANGUAGE CODE
Language code of text/sound track or separate title engfre
082 04 - DEWEY DECIMAL CLASSIFICATION NUMBER
Edition number 19
Classification number 801.95
Author mark and year BUI 1970
100 1# - MAIN ENTRY--PERSONAL NAME
Personal name Butor, Michel.
9 (RLIN) 53073
245 10 - TITLE STATEMENT
Title Inventory :
Remainder of title essays /
Statement of responsibility, etc. Michel Butor ; edited and with a foreword by Richard Howard
260 ## - PUBLICATION, DISTRIBUTION, ETC. (IMPRINT)
Place of publication, distribution, etc. London :
Name of publisher, distributor, etc. Jonathan Cape,
Date of publication, distribution, etc. c1968 [1970].
300 ## - PHYSICAL DESCRIPTION
Pagination 318 p. ;
Size 23 cm
650 #0 - SUBJECT ADDED ENTRY--TOPICAL TERM
Topical term or geographic name as entry element Criticism
9 (RLIN) 65331
700 1# - ADDED ENTRY--PERSONAL NAME
Personal name Howard, Richard
942 ## - ADDED ENTRY ELEMENTS (KOHA)
Source of classification or shelving scheme Dewey Decimal Classification
Koha item type Books
Holdings
Lost status Source of classification or shelving scheme Damaged status Not for loan Collection code Permanent Location Current Location Shelving location Date acquired Source of acquisition Cost, normal purchase price Total Checkouts Full call number Date last seen Copy number Koha item type
  Dewey Decimal Classification   Added to bundle Non-fiction Central Library, University of Rajshahi Central Library, University of Rajshahi Reading Room 04/12/1978 Standard Pub. ltd. 84.00   801.95 BUI 1970 03/03/2014 C-1 Books